Normal view
MARC view
- Box, George E., Jenkins, Gwilym M., Reinsel, Gregory C
Entry Personal Name
001 - CONTROL NUMBER
- control field: 64968
003 - CONTROL NUMBER IDENTIFIER
- control field: NUST
005 - DATE AND TIME OF LATEST TRANSACTION
- control field: 20210628203347.0
008 - FIXED-LENGTH DATA ELEMENTS
- fixed length control field: 210628|| aca||aabn | a|a d
040 ## - CATALOGING SOURCE
- Original cataloging agency: NUST
- Transcribing agency: NUST
100 ## - HEADING--PERSONAL NAME
- Personal name: Box, George E., Jenkins, Gwilym M., Reinsel, Gregory C
670 ## - SOURCE DATA FOUND
- Source citation: Work cat.: (NUST): Box, George E., Jenkins, Gwilym M., Reinsel, Gregory C., Time series analysis, forcasting and control, 2008
